| 000 | 00764nas a2200277 4500 | ||
|---|---|---|---|
| 001 | BR0400701 | ||
| 003 | BR-BrBNA | ||
| 005 | 20231205104328.0 | ||
| 007 | ta | ||
| 008 | 230509b bl.|||p| |||| 00| 00por d | ||
| 040 |
_aBR-BrBNA _bpor _cBiblioteca Nacional de Agricultura |
||
| 041 | _a(Pt) | ||
| 072 | _aL73 | ||
| 100 | 1 | _aMattos, R.C. | |
| 100 | 1 | _aMalschitzky, E. | |
| 100 | 1 | _aJobim, M.I.M. | |
| 245 | 1 | _aEndometrite na égua | |
| 650 | _aÉGUA | ||
| 650 | _aENDOMETRITE | ||
| 650 | _aÚTERO | ||
| 650 | _aESPERMATOZÓIDE | ||
| 650 | _aSÊMEN | ||
| 773 | 0 |
_tRevista Brasileira de Reprodução Animal (Brazil) _xISSN 0102-0803 _g(Apr-Jun 2003), v. 27(2) p. 150-157 _wBR0400701 |
|
| 909 |
_a202311 _bLúcia _c55 _dLúcia Elande |
||
| 942 |
_2AGRIS _n0 _cANA |
||
| 999 |
_c177589 _d177589 |
||